000 00614nam a2200205Ia 4500
001 7102
003 GE_BSU
008 181216s||||||||xx |||||||||||||| ||und||
040 _cGE_BSU
080 _a519.85
100 _aАкулич,И.Л.
245 _aМатематическое программирование в примерах и задачах
245 _cРед. А.М. Суходский
260 _aМосква
260 _bВысшая школа
260 _c1986
300 _a317стр. 20см.
653 _aМатематическое программирование
942 _cBK
999 _c40491
_d40491